| 000 | 00373nam a22001457a 4500 | ||
|---|---|---|---|
| 003 | SGT | ||
| 082 |
_a617 _bC23P |
||
| 100 | _aPANCHAL, BRINDA | ||
| 245 | _aA comparative study of early versus interval Appendectomy in management of Appendicular lump | ||
| 260 |
_aGURUGRAM _bSGT UNIVERSITY _c2023 |
||
| 300 | _a107 | ||
| 650 | _aSURGERY | ||
| 653 | _aM.S | ||
| 942 |
_2ddc _cTH |
||
| 999 |
_c26521 _d26521 |
||